Avtomatizirovannaja sistema obrabotki ekonomičeskoj informacii na predprijatijach

Gespeichert in:
Bibliographische Detailangaben
1. Verfasser: Liberman, Vladimir Borisovič
Format: Buch
Sprache:Russisch
Veröffentlicht: Moskva Ekonomika 1981
Tags: Tag hinzufügen
Keine Tags, Fügen Sie das erste Tag hinzu!

MARC

LEADER 00000nam a2200000 4500
001 c126184
005 20041019155237.3
041 0 |a rus 
044 |a RU 
245 1 0 |a Avtomatizirovannaja sistema obrabotki ekonomičeskoj informacii na predprijatijach  |c Vladimir Borisovič Liberman 
264 1 |a Moskva  |b Ekonomika  |c 1981 
300 |a 184 s. 
100 1 |a Liberman, Vladimir Borisovič